[Event "Landesjugendeinzelmeisterschaft M-V u14"]
[Site "Malchow 2024"]
[Date "2024.02.06"]
[Round "6.5"]
[White "SchrÃ¶der, Hannes Artur"]
[Black "Wrage, Julius"]
[Result "1-0"]
[WhiteElo "1310"]
[BlackElo "1237"]
[Time "14:30:00"]
[WhiteTeam "SG Eintracht Neubrandenburg"]
[BlackTeam "SAV Torgelow-DrÃ¶geheide 90"]

1.e4 c6 2.d4 d5 3.exd5 cxd5 4.c4 Nf6 5.Nc3 Nc6 6.Nf3 Bg4 7.cxd5 Nxd5 8.Bb5 e6
9.a3 Qa5 10.Bd2 Nxc3 11.Bxc6+ bxc6 12.Bxc3 Qd5 13.O-O g6 14.h3 Bxf3 15.Qxf3 Qxf3
16.gxf3 Bg7 17.Rfe1 O-O 18.Rac1 Rfd8 19.Red1 Bh6 20.Bd2 Bxd2 21.Rxd2 Rac8
22.Rcc2 Rd5 23.Rc5 Kf8 24.Rdc2 Rxd4 25.Rxc6 Rxc6 26.Rxc6 Ke7 27.Rc7+ Rd7
28.Rxd7+ Kxd7 29.Kg2 h5 30.f4 f6 31.Kf3 Kd6 32.Ke4 Kc5 33.b3 a5 34.h4 Kb5 35.Kd4
Kc6 36.Kc4 Kc7 37.Kc5 g5 38.fxg5 fxg5 39.hxg5 h4 40.g6 h3 41.g7 h2 42.g8=Q h1=Q
43.Qf7+ Kd8 44.Qf8+ Kd7 45.Qd6+ Ke8 46.Qc6+ Qxc6+ 47.Kxc6 Kd8 48.b4 axb4 49.axb4
Kc8 50.b5 e5 51.f3 e4 52.fxe4 Kd8 53.Kb7
1-0

[Event "Landesjugendeinzelmeisterschaft M-V u14"]
[Site "Malchow 2024"]
[Date "2024.02.06"]
[Round "6.6"]
[White "Vakeel, Eshwar"]
[Black "Isaiev, Andrii"]
[Result "1-0"]
[WhiteElo "1324"]
[BlackElo "967"]
[Time "14:30:00"]
[WhiteTeam "SSC Rostock 07"]
[BlackTeam "TuS Makkabi Rostock"]

1.e4 e5 2.Nf3 Nc6 3.Bc4 Bc5 4.c3 f6 5.a4 a6 6.d3 d6 7.h3 Qe7 8.O-O Be6 9.Bxe6
Qxe6 10.d4 exd4 11.cxd4 Nxd4 12.Nxd4 Qd7 13.Be3 Ba7 14.f4 O-O-O 15.f5 Re8 16.Qd3
Ne7 17.Ne6 Bxe3+ 18.Qxe3 Rhg8 19.Rc1 Nc6 20.b4 Kb8 21.b5 axb5 22.axb5 Ne5
23.Qa7+ Kc8 24.Qa8#
1-0

[Event "Landesjugendeinzelmeisterschaft M-V u14"]
[Site "Malchow 2024"]
[Date "2024.02.06"]
[Round "6.7"]
[White "Stier, Edgar"]
[Black "Zielke, Finn"]
[Result "1-0"]
[WhiteElo "972"]
[BlackElo "774"]
[Time "14:30:00"]
[WhiteTeam "ESV Waren"]
[BlackTeam "SC Mecklenburger Springer"]

1.d4 d5 2.Nc3 Nf6 3.Bf4 Bf5 4.Nf3 Nc6 5.e3 e6 6.Bd3 Nb4 7.O-O Bd6 8.Ne5 O-O 9.f3
Re8 10.e4 dxe4 11.fxe4 Bg4 12.Nxg4 Nc6 13.Nxf6+ Qxf6 14.Bxd6 Qxd4+ 15.Kh1 cxd6
16.Nb5 Qxb2 17.Nc7 Rab8 18.Nxe8 Rxe8 19.Rb1 Qxa2 20.Rxb7 d5 21.Bb5 Rc8 22.Bxc6
Rxc6 23.Rb8+ Rc8 24.Rxc8#
1-0

[Event "Landesjugendeinzelmeisterschaft M-V u14"]
[Site "Malchow 2024"]
[Date "2024.02.06"]
[Round "6.9"]
[White "Asmussen, Henry"]
[Black "Lipkowski, Calvin"]
[Result "0-1"]
[WhiteElo "1192"]
[BlackElo "791"]
[Time "14:30:00"]
[WhiteTeam "HSG Stralsund"]
[BlackTeam "SAV Torgelow-DrÃ¶geheide 90"]

1.e4 e5 2.Nf3 Nc6 3.Nc3 Nf6 4.d4 exd4 5.Nxd4 Bb4 6.Bg5 O-O 7.Bc4 h6 8.Bh4 g5
9.Bg3 Re8 10.O-O Bxc3 11.bxc3 Nxe4 12.Qf3 Kh8 13.Bxf7 Nd2 14.Qd3 Nxf1 15.Nxc6
bxc6 16.Re1 Rxe1 17.Qd4+ Kh7 18.Qd3+ Kg7 19.Qg6+ Kf8 20.Qg8+ Ke7 21.Qg7 Nxg3#
0-1

[Event "Landesjugendeinzelmeisterschaft M-V u14"]
[Site "Malchow 2024"]
[Date "2024.02.06"]
[Round "6.10"]
[White "BÃ¼hrt, Matteo"]
[Black "Klatt, Erik Alexander"]
[Result "1-0"]
[WhiteElo "795"]
[BlackElo "924"]
[Time "14:30:00"]
[WhiteTeam "ESV Waren"]
[BlackTeam "SV Empor KÃ¼hlungsborn"]

1.e4 e5 2.Nf3 Nc6 3.Bb5 a6 4.Bxc6 bxc6 5.Nxe5 Qg5 6.Nf3 Qxg2 7.Rf1 d5 8.Rg1 Qh3
9.d3 Bg4 10.Nbd2 h5 11.Qe2 f6 12.exd5+ Be7 13.Rg3 Bxf3 14.Nxf3 Qd7 15.Rxg7 cxd5
16.Bd2 O-O-O 17.d4 Re8 18.Qxa6+ Kb8 19.O-O-O Qd6 20.Qxd6 Bxd6 21.a3 Re2 22.Be1
Ne7 23.Rf7 Rh6 24.Rf8+ Nc8 25.Rg8 Kb7 26.Rg2 Rh8 27.Bb4 Bxb4 28.axb4 Re6 29.Re1
Rhe8 30.Rxe6 Rxe6 31.Kd2 Rb6 32.c3 Nd6 33.Rg6 Ne4+ 34.Ke3 Re6 35.Rh6 Ng5+ 36.Kf4
Nxf3 37.Kxf3 Ra6 38.Rxh5 Ra2 39.Rxd5 Rxb2 40.h4 Rc2 41.Rc5 Rc1 42.h5 c6 43.h6
Rh1 44.b5 cxb5 45.Rxb5+ Kc6 46.c4 Rh3+ 47.Kg2 Rxh6 48.d5+ Kd6 49.Kf3 Rh4 50.Rb6+
Ke5 51.Rc6 Rf4+ 52.Ke3 Re4+ 53.Kd3 Rd4+ 54.Kc3 Rf4 55.d6 Ke6 56.c5 Rf3+ 57.Kb4
Rf4+ 58.Kb5 Rxf2 59.Rc8 Kd7 60.Rc7+ Ke6 61.d7 Ke7 62.c6 Rb2+ 63.Ka6 Ra2+ 64.Kb7
Rb2+ 65.Kc8 Rd2 66.Rb7 f5 67.Kc7 f4 68.Rb8 Kf7 69.d8=Q Rxd8 70.Rxd8 f3 71.Rd1
Ke7 72.Rf1 f2 73.Rxf2 Ke6 74.Re2+
1-0

[Event "Landesjugendeinzelmeisterschaft M-V u16"]
[Site "Malchow 2024"]
[Date "2024.02.06"]
[Round "6.0"]
[White "Sens, Gerda"]
[Black "Stepanjan, Marianne"]
[Result "*"]
[WhiteElo "1262"]
[BlackElo "1678"]
[Time "14:30:00"]
[WhiteTeam "SSC Rostock 07"]
[BlackTeam "ESV 1888 Wittenberge"]

1.e4 c5 2.Nf3 d6 3.c3 Nf6 4.d3 Nc6 5.Be3 e6 6.Nbd2 Be7 7.d4 cxd4 8.cxd4 O-O
9.Bd3 Nb4 10.Bb1 b6 11.a3 Na6 12.O-O Bb7 13.Qe2 Nc7 14.Bd3 d5 15.Bf4 dxe4
16.Nxe4 Bxe4 17.Bxe4 Nxe4 18.Qxe4 Nd5 19.Bg3 Rc8 20.Rac1 Qd7 21.Ne5 Qb5 22.Rc2
Nf6 23.Qe2 Qxe2 24.Rxe2 Rfd8 25.Rd1 Rxd4 26.Ree1 Rxd1 27.Rxd1 Nd5 28.Nd7 Bg5
29.a4 Rc1 30.Rxc1 Bxc1 31.b3 a5 32.Kf1 f5 33.Bd6 Kf7 34.Ke1 Bb2 35.Kd2 Ke8
36.Nf8 {Kd7, h6}
*

[Event "Landesjugendeinzelmeisterschaft M-V u16"]
[Site "Malchow 2024"]
[Date "2024.02.06"]
[Round "6.2"]
[White "WellÃŸow, Lio Keanu"]
[Black "Briese, Paul"]
[Result "1-0"]
[WhiteElo "1131"]
[BlackElo "1553"]
[Time "14:30:00"]
[WhiteTeam "HSG Stralsund"]
[BlackTeam "SAV Torgelow-DrÃ¶geheide 90"]

1.d4 Nf6 2.c4 g6 3.Nc3 Bg7 4.Nf3 O-O 5.e3 d6 6.Be2 Nbd7 7.b3 e5 8.a4 e4 9.Nd2
Re8 10.Ba3 h5 11.Qc2 Qe7 12.O-O Nf8 13.h3 Bf5 14.c5 a6 15.Nc4 Red8 16.Na5 Rab8
17.c6 b6 18.Nb7 Re8 19.Bxa6 N8h7 20.b4 Ng5 21.Rfb1 Qe6 22.Kf1 Bxh3 23.gxh3 Qxh3+
24.Ke2 Qf3+ 25.Ke1 Ng4 26.Qe2 Qg2 27.Qf1 Nf3+ 28.Ke2 Ng1+ 29.Qxg1
1-0

[Event "Landesjugendeinzelmeisterschaft M-V u16"]
[Site "Malchow 2024"]
[Date "2024.02.06"]
[Round "6.3"]
[White "Brandt, Mattis"]
[Black "Peilert, Maximilian"]
[Result "1-0"]
[WhiteElo "1315"]
[BlackElo "1463"]
[Time "14:30:00"]
[WhiteTeam "Greifswalder SV"]
[BlackTeam "Think Rochade - SC HRO"]

1.e4 c6 2.Nc3 d5 3.Nf3 dxe4 4.Nxe4 Nf6 5.Ng3 Nbd7 6.Bc4 b5 7.Be2 Bb7 8.d4 e6
9.O-O Bd6 10.Bg5 h6 11.Ne4 Bc7 12.Bh4 O-O 13.Nxf6+ Nxf6 14.Ne5 Bxe5 15.dxe5 g5
16.Bxg5 hxg5 17.Qxd8 Rfxd8 18.exf6 Rd5 19.Bd3 a6 20.Rfe1 Rd4 21.Re5 Rd5 22.Rxd5
cxd5 23.Re1 Kh8 24.Re5 Rg8 25.f4 Rc8 26.fxg5 b4 27.g6 Rc7 28.g7+
1-0

[Event "Landesjugendeinzelmeisterschaft M-V u16"]
[Site "Malchow 2024"]
[Date "2024.02.06"]
[Round "6.4"]
[White "Drechsler, Andor"]
[Black "Saalmann, Emil"]
[Result "1/2-1/2"]
[WhiteElo "1494"]
[BlackElo "958"]
[Time "14:30:00"]
[WhiteTeam "SAV Torgelow-DrÃ¶geheide 90"]
[BlackTeam "ESV 1888 Wittenberge"]

1.e4 c5 2.Nf3 Nc6 3.Bb5 g6 4.O-O Bg7 5.d3 e5 6.Bxc6 bxc6 7.b3 d6 8.Bb2 Ne7
9.Nbd2 O-O 10.Qe2 a5 11.a4 f5 12.Nc4 Be6 13.Nfd2 f4 14.Rad1 Nc8 15.Nf3 h6 16.c3
Nb6 17.d4 cxd4 18.cxd4 Nxc4 19.bxc4 Qc7 20.d5 Bd7 21.dxc6 Bxc6 22.Ba3 Rfd8
23.Qc2 Bf8 24.c5 dxc5 25.Qc4+ Kh7 26.Bxc5 Bxa4 27.Qxa4 Qxc5 28.Rc1 Qb4 29.Rc7+
Bg7 30.Qxb4 axb4 31.Rb7 Rab8 32.Rxb8 Rxb8 33.Rb1 g5 34.h3 Kg6 35.Kf1 Kf6 36.Ke2
h5 37.Kd3 g4 38.Nd2 Kg5 39.hxg4 hxg4 40.f3 Kh4 41.Nf1 gxf3 42.gxf3 Kh3 43.Rb2
Rd8+ 44.Kc4 Rd4+ 45.Kb5 Kh4 46.Ka4 Rd3 47.Rxb4 Rd4 48.Rxd4 exd4 49.Kb3 Kh3
50.Kc2 Kg2 51.Nd2 Kf2 52.Kd3 Bf6 53.Nb3 Kxf3 54.Nxd4+ Bxd4 55.Kxd4 Kg2 56.e5 f3
57.e6 f2 58.e7 f1=Q 59.e8=Q
1/2-1/2

[Event "Landesjugendeinzelmeisterschaft M-V u16"]
[Site "Malchow 2024"]
[Date "2024.02.06"]
[Round "6.5"]
[White "Asmussen, Johann"]
[Black "KÃ¶nig, Luca"]
[Result "1-0"]
[WhiteElo "1208"]
[BlackElo "936"]
[Time "14:30:00"]
[WhiteTeam "HSG Stralsund"]
[BlackTeam "Think Rochade - SC HRO"]

1.e4 c5 2.Nf3 Nc6 3.Nc3 d6 4.d4 cxd4 5.Nxd4 e5 6.Nf3 Bg4 7.Bc4 Nf6 8.Be3 Be7
9.h3 Bh5 10.g4 Bg6 11.Qd3 Nb4 12.Bb5+ Kf8 13.Qe2 Nxe4 14.Bd3 Nxc3 15.bxc3 Bxd3
16.cxd3 Nd5 17.Bd2 Bf6 18.Qe4 Nf4 19.Rc1 d5 20.Qb4+ Be7 21.Qb1 Nxd3+ 22.Qxd3 e4
23.Qe3 exf3 24.Qxf3 Qe8 25.O-O Qc6 26.c4 Rd8 27.cxd5 Qxd5 28.Qxd5 Rxd5 29.Rc8+
Rd8 30.Rxd8+ Bxd8 31.Re1 f6 32.Bb4+ Kf7 33.Rd1 Bb6 34.Rd7+ Kg6 35.Rxb7 Rc8
36.Be1 Rc2 37.a4 Ra2 {(=)} 38.a5 Bxa5 39.Rxa7 Ra1 40.Rxa5 Rxe1+ 41.Kg2 Re5
42.Ra7 f5 43.f4 Re6 44.Kf3 fxg4+ 45.hxg4 Kf6 46.g5+ Kf5 47.Rxg7 h6 48.gxh6 Rxh6
49.Rg5+ Kf6 50.Kg4 Kf7 51.Rh5 Rxh5 52.Kxh5 Kf6 53.Kg4 Kg6 54.f5+ Kf7 55.Kg5 Kg7
56.f6+ Kf8 57.Kf5 Kf7 58.Ke5 Ke8
1-0

[Event "Landesjugendeinzelmeisterschaft M-V u16"]
[Site "Malchow 2024"]
[Date "2024.02.06"]
[Round "6.6"]
[White "Troschke, Bennet"]
[Black "Janssen, Julika"]
[Result "1-0"]
[WhiteElo "1398"]
[BlackElo "1322"]
[Time "14:30:00"]
[WhiteTeam "Greifswalder SV"]
[BlackTeam "TuS Makkabi Rostock"]

1.e4 c5 2.Nf3 e6 3.d4 cxd4 4.Nxd4 a6 5.Nc3 Qc7 6.Bd3 Nf6 7.Be3 Be7 8.O-O O-O
9.f4 d6 10.f5 e5 11.Nf3 Nc6 12.Nd5 Nxd5 13.exd5 Nb8 14.Ng5 Nd7 15.f6 Nxf6
16.Rxf6 g6 17.Rf1 f5 18.Nh3 f4 19.Bd2 Qc5+ 20.Nf2 Qxd5 21.Qe2 Qc6 22.Bc4+ Kg7
23.Qe4 Qe8 24.Be2 h5 25.Bc3 Rb8 26.Nd3 Bf5 27.Qd5 Qd8 28.Nxf4 Bg5 29.Ne6+ Bxe6
30.Qxe6 Bf4 31.Bd3 Rf6 32.Qd5 Qf8 33.Qe4 Qf7 34.g3 Bg5 35.h4 Bh6 36.Rxf6 Qxf6
37.Rf1 Qe6 38.Bc4 Qh3 39.Rf7+ Kh8 40.Bxe5+ Kg8 41.Qxg6+
1-0

[Event "Landesjugendeinzelmeisterschaft M-V u16"]
[Site "Malchow 2024"]
[Date "2024.02.06"]
[Round "6.7"]
[White "Vollmer, Willem Maarten"]
[Black "Garde, Edgar Emil"]
[Result "1-0"]
[WhiteElo "1501"]
[BlackElo "1087"]
[Time "14:30:00"]
[WhiteTeam "SF Schwerin"]
[BlackTeam "TuS Makkabi Rostock"]

1.e4 c6 2.d4 d5 3.exd5 cxd5 4.c4 Nf6 5.Nc3 Nc6 6.Nf3 Bf5 7.Be2 e6 8.Be3 Bd6 9.c5
Bc7 10.Nh4 Ne7 11.Nxf5 Nxf5 12.O-O O-O 13.Qc2 Nd7 14.Rad1 Qh4 15.h3 Nxe3 16.fxe3
f5 17.Nb5 Bg3 18.Rf3 Rf6 19.Qd2 g5 20.Qa5 g4 21.Rxg3 Qxg3 22.Qe1 Qxe3+ 23.Qf2
Qxf2+ 24.Kxf2 e5 25.hxg4 fxg4+ 26.Kg3 Rg6 27.Nc7 Rc8 28.Nxd5 exd4 29.Ne7+ Kg7
30.Nxc8 Nxc5 31.Rxd4 a6 32.Rxg4
1-0

[Event "Landesjugendeinzelmeisterschaft M-V u16"]
[Site "Malchow 2024"]
[Date "2024.02.06"]
[Round "6.8"]
[White "Lantow, Alexander"]
[Black "Tank, Julian"]
[Result "0-1"]
[WhiteElo "1216"]
[BlackElo "1248"]
[Time "14:30:00"]
[WhiteTeam "SSC Rostock 07"]
[BlackTeam "Think Rochade - SC HRO"]

1.e4 c5 2.d4 cxd4 3.Qxd4 Nc6 4.Qd1 e5 5.Nf3 Bc5 6.Bb5 d6 7.h3 h6 8.Nc3 Nf6 9.O-O
O-O 10.Re1 Be6 11.Nd5 a6 12.Bc4 b5 13.Nxf6+ Qxf6 14.Bxe6 fxe6 15.c3 Rad8 16.Be3
Bxe3 17.Rxe3 d5 18.Qd2 dxe4 19.Qe2 exf3 20.Rxf3 Qg5 21.Rg3 Rd2 22.Qe4 Qf4 23.Qg6
Qxf2+ 24.Kh1 Qf6 25.Qe4 Ne7 26.Rf3 Qg6 27.Rxf8+ Kxf8 28.Rf1+ Kg8 29.Qa8+ Kh7
30.Rf8 Qg5 31.Qe4+ Nf5 32.g4 Rd1+ 33.Kh2 Qd2+ 34.Qg2 Qf4+
0-1

[Event "Landesjugendeinzelmeisterschaft M-V u16"]
[Site "Malchow 2024"]
[Date "2024.02.06"]
[Round "6.9"]
[White "Tadewaldt, Stanley Fiete"]
[Black "Hampe, Florian"]
[Result "1/2-1/2"]
[WhiteElo "1287"]
[BlackElo "1220"]
[Time "14:30:00"]
[WhiteTeam "SAV Torgelow-DrÃ¶geheide 90"]
[BlackTeam "Lok Gymnas Pritzwalk"]

1.e4 c5 2.c3 e6 3.d4 cxd4 4.cxd4 d6 5.Nf3 Nf6 6.Nc3 Be7 7.Bb5+ Bd7 8.Bxd7+ Nbxd7
9.O-O Nb6 10.Bf4 O-O 11.Rc1 d5 12.exd5 Nfxd5 13.Nxd5 Nxd5 14.Qd2 Bb4 15.Qc2 Nxf4
16.Qb3 Be7 17.Kh1 b6 18.g3 Nd5 19.Kg2 Rc8 20.Rc2 Rxc2 21.Qxc2 Qc8 22.Rc1 Qxc2
23.Rxc2 h6 24.a3 Bf6 25.Ne5 Bxe5 26.dxe5 Rd8 27.Kf3 Kh7 28.h4 Kg6 29.g4 h5
30.gxh5+ Kxh5 31.Kg3 f6 32.Re2 Rc8 33.exf6 gxf6 34.Rxe6 Rg8+ 35.Kf3 Rg4 36.Re8
Kxh4 37.Rh8+ Kg5 38.Rg8+ Kh6 39.Rxg4 Kh5 40.Rd4 Ne7 41.Rd6 Kg5 42.Ke4 f5+ 43.Kf3
Ng6 44.Rd8 Ne5+ 45.Kg2 Nc4 46.Rd7 a5 47.Rb7 Nxb2 48.Rxb6 Nc4 49.Ra6 Nxa3 50.Rxa5
Nc4 51.Rc5 Nd2 52.Rd5 Ne4 53.f3 Nf6 54.Rd6 Nh5 55.Rd8 Kf4 56.Rd4+ Ke3 57.Rh4
Nf4+ 58.Kg3 Ne2+ 59.Kg2 Nf4+
1/2-1/2

[Event "Landesjugendeinzelmeisterschaft M-V u16"]
[Site "Malchow 2024"]
[Date "2024.02.07"]
[Round "6.1"]
[White "Sens, Gerda"]
[Black "Stepanjan, Marianne"]
[Result "1/2-1/2"]
[WhiteElo "1262"]
[BlackElo "1678"]
[Time "14:30:00"]
[WhiteTeam "SSC Rostock 07"]
[BlackTeam "ESV 1888 Wittenberge"]

1.e4 c5 2.c3 d5 3.exd5 Qxd5 4.Nf3 Nc6 5.Bb5 Bg4 6.Bxc6+ Qxc6 7.O-O Bxf3 8.Qxf3
Qxf3 9.gxf3 Nf6 10.d4 cxd4 11.cxd4 Rd8 12.Be3 Nd5 13.Rd1 e6 14.a3 Bd6 15.Nd2 Bf4
16.Re1 O-O 17.Ne4 Rc8 18.Re2 Rc6
1/2-1/2

[Event "Landesjugendeinzelmeisterschaft M-V u18"]
[Site "Malchow 2024"]
[Date "2024.02.06"]
[Round "6.5"]
[White "Gorski, Paul Peter"]
[Black "Steinhauser, Oskar"]
[Result "1-0"]
[WhiteElo "1516"]
[BlackElo "1166"]
[Time "14:30:00"]
[WhiteTeam "Think Rochade - SC HRO"]
[BlackTeam "SSC Rostock 07"]

1.e4 e5 2.Nf3 Nc6 3.Bc4 Bc5 4.c3 Nf6 5.d4 exd4 6.cxd4 Bb4+ 7.Nc3 O-O 8.d5 Ne7
9.e5 Ne8 10.O-O d6 11.Re1 dxe5 12.Nxe5 Nd6 13.Bd3 Bf5 14.Bxf5 Nexf5 15.Bf4 Re8
16.a3 Bc5 17.Nf3 Qd7 18.Qd3 Rxe1+ 19.Rxe1 Re8 20.Rxe8+ Qxe8 21.Kf1 a5 22.g4 Ne7
23.h4 Qd7 24.Ne5 Qc8 25.Qf3 Bd4 26.Nd3 f5 27.g5 g6 28.Ne5 Qd8 29.h5 b5 30.Nc6
Nxc6 31.dxc6 Qe7 32.Qd5+ Kf8 33.Qxd4 Ke8 34.Qh8+ Qf8 35.Qxf8+ Kxf8 36.Bxd6+
1-0

[Event "Landesjugendeinzelmeisterschaft M-V u18"]
[Site "Malchow 2024"]
[Date "2024.02.06"]
[Round "6.3"]
[White "Krause, Enrico"]
[Black "Lippitz, Jaden"]
[Result "1-0"]
[WhiteElo "1619"]
[BlackElo "1633"]
[Time "14:30:00"]
[WhiteTeam "Think Rochade - SC HRO"]
[BlackTeam "SG GÃ¼strow/Teterow"]

1.c4 Nf6 2.Nc3 b6 3.e4 d6 4.d4 g6 5.Bd3 Nbd7 6.Nge2 e5 7.a3 exd4 8.Nxd4 Bb7
9.O-O Nc5 10.Bc2 Bg7 11.f3 O-O 12.Be3 Re8 13.Rb1 a5 14.Qd2 Ne6 15.Ba4 Nd7 16.Nc6
Qc8 17.Nd5 Kf8 18.Bh6 Ndc5 19.Bb5 Ba6 20.Bxg7+ Kxg7 21.Qc3+ Kh6 22.Nce7 Rxe7
23.Nxe7 Qh8 24.Qe3+ g5 25.Bc6 Bxc4 26.Bxa8 Bxf1 27.Rxf1 Qxa8 28.Nf5+ Kg6 29.Nd4
Qh8 30.Nxe6 Nxe6 31.Qc3 Qxc3 32.bxc3 Kf6 33.Kf2 Ke7 34.Ke3 Kd7 35.h4 h6 36.hxg5
hxg5 37.Rh1 Ke7 38.c4 Kf6 39.Rh8 Kg7 40.Rc8 Kf6 41.g3 Ke7 42.Rg8 Kd7 43.f4 gxf4+
44.gxf4 Ke7 45.f5 Nc5 46.Kd4 Nd7 47.Rc8 c5+ 48.Kc3 Ne5 49.Rb8 Nd7 50.Rh8 Nf6
51.Kd3 Nd7 52.Rh2 Ne5+ 53.Kc3 Kd7 54.Rb2 Kc6 55.a4 Kc7 56.Rg2 Kd7 57.Rg8 Kc7
58.Re8 Kd7 59.Ra8 Kc7 60.Ra7+ Kb8 61.Re7 Kc8 62.Kb3 Kb8 63.Kc2 Kc8 64.Kd1 Kd8
65.f6 Nxc4 66.Rxf7 Nb2+ 67.Kc2 Nc4 68.Rb7 Ke8 69.Kc3 Ne3 70.Rxb6 d5 71.Rb8+ Kf7
72.exd5 Nxd5+ 73.Kc4 Nxf6 74.Rb7+ Ke6 75.Kxc5 Ne4+ 76.Kb6 Kd6 77.Kxa5 Nc5 78.Rb1
Kd7 79.Kb5 Ne6 80.Rc1 Nc7+ 81.Kb6 Nd5+ 82.Kb7
1-0

[Event "Landesjugendeinzelmeisterschaft M-V u18"]
[Site "Malchow 2024"]
[Date "2024.02.06"]
[Round "6.1"]
[White "Tovmasyan, Minas"]
[Black "Wiechhusen, Laurin-Elias"]
[Result "1/2-1/2"]
[WhiteElo "1779"]
[BlackElo "1640"]
[Time "14:30:00"]
[WhiteTeam "TuS Makkabi Rostock"]
[BlackTeam "SF Schwerin"]

1.d4 d5 2.c4 e6 3.Nc3 Nf6 4.Nf3 Be7 5.Bf4 O-O 6.e3 Nbd7 7.c5 c6 8.Bd3 Qa5 9.Rb1
Nh5 10.b4 Qd8 11.O-O Nxf4 12.exf4 Qc7 13.g3 Re8 14.Re1 Nf8 15.Qc2 b5 16.a4 a6
17.Ne2 f6 18.Nc1 Bd8 19.Bf1 Kf7 20.Nd3 Qb8 21.Bh3 Bc7 22.Bg4 Bd7 23.Ra1 Re7
24.Bh5+ g6 25.Bg4 Qb7 26.Bh3 Rae8 27.g4 Qb8 28.Qd2 Bc8 29.Kg2 Nd7 30.g5 f5
31.Kg1 Rh8 32.Bf1 Kg7 33.axb5 axb5 34.Re2 h6 35.h4 Nf8 36.Qe3 Kg8 37.Rea2 Bb7
38.Ra7 Qc8 39.Nde5 Bb8 40.R7a2 Reh7 41.Bg2 Kg7 42.Kf1 Qe8 43.Re2 Kg8 {(=)}
44.Ra3 Re7 45.Ke1 Rhh7 46.Kd2 h5 47.Kc3 Rc7 48.Nd2 Rhe7 49.Nb3 Nd7 50.Nd3 Nf8
51.Rea2 Kg7 52.Na5 Ba8 {(=)} 53.Nb2 Ra7 54.Bf1 Qc8 55.Be2 Kf7 56.Nd3 Kg7 57.Bf3
Qc7 58.Qe2 Kg8 59.Kb2 Rh7 60.Ne5 Qc8 61.Qe1 Bxe5 62.Qxe5 Qc7 {(=)} 63.Qxc7 Rhxc7
64.Nc4 Rxa3 65.Rxa3 bxc4 66.Rxa8 Kf7 67.Bd1 Ke7 68.Ba4 Nd7 69.Rg8 Nf8 70.Rg7+
Kd8 71.Rg8 Ke7 72.Rg7+ Kd8 73.Rxc7 Kxc7 74.b5 Nd7 75.b6+ Kb7 76.Kc3 Nb8 77.Kb4
Ka6 {(=)} 78.Bd1 Nd7 79.Be2 Kb7 80.Ka5 Nb8 81.Bd1 Nd7 82.Ba4 Nb8 83.f3 Nd7
84.Bd1 Nb8 85.Ba4 Nd7 86.Bd1
1/2-1/2

[Event "Landesjugendeinzelmeisterschaft M-V u18"]
[Site "Malchow 2024"]
[Date "2024.02.06"]
[Round "6.2"]
[White "Scharf, Christian"]
[Black "Karff, Tom"]
[Result "1-0"]
[WhiteElo "1557"]
[BlackElo "1446"]
[Time "14:30:00"]
[WhiteTeam "SG GÃ¼strow/Teterow"]
[BlackTeam "SG GÃ¼strow/Teterow"]

1.e4 e5 2.Nf3 Nc6 3.Bb5 Nf6 4.O-O Nxe4 5.d4 Nd6 6.dxe5 Nxb5 7.a4 Bc5 8.Qd5 Nbd4
9.Qxc5 b6 10.Qc4 Nxf3+ 11.gxf3 Bb7 12.Re1 O-O 13.Ra3 Qe7 14.Rae3 Qe6 15.Qh4 Ne7
16.Qg4 Rad8 17.Nc3 a6 18.Ne4 Qg6 19.b3 Nc6 20.Bb2 Nb4 21.R3e2 c5 22.Rd2 Bc6
23.c4 Rfe8 24.h3 Qxg4+ 25.fxg4 d5 26.cxd5 Rxd5 27.Rxd5 Bxd5 28.Nd6 Rb8 29.Re3 h6
30.f4 Nc2 31.Rd3 Nd4 32.Bxd4 cxd4 33.b4 Kf8 34.Rxd4 Bb3 35.a5 b5 36.Rd3 Ba2
37.Rc3 Bd5 38.Rc7 Ra8 39.Kf2 g6 40.Kg3 g5 41.h4 gxf4+ 42.Kxf4 Be6 43.Nf5
1-0

[Event "Landesjugendeinzelmeisterschaft M-V u18"]
[Site "Malchow 2024"]
[Date "2024.02.06"]
[Round "6.4"]
[White "KÃ¶pnick, Amanda"]
[Black "Schott, Andy"]
[Result "1/2-1/2"]
[WhiteElo "1355"]
[BlackElo "1665"]
[Time "14:30:00"]
[WhiteTeam "TuS Makkabi Rostock"]
[BlackTeam "SG GÃ¼strow/Teterow"]

1.e4 c5 2.Nf3 d6 3.d4 cxd4 4.Nxd4 Nf6 5.Nc3 a6 6.Be2 Nbd7 7.O-O b5 8.a3 Bb7
9.Bd3 e6 10.Re1 Be7 11.Bg5 h6 12.Bd2 Qc7 13.h3 Rc8 14.Qe2 O-O 15.Nf3 Nc5 16.Rac1
Nfd7 17.b4 Nxd3 18.cxd3 Qb8 19.Qe3 Bf6 20.d4 Nb6 21.Ne2 Nc4 22.Qd3 Rc7 23.Bf4
Rfc8 24.e5 Be7 25.exd6 Nxd6 26.Rxc7 Qxc7 27.Rc1 Qd8 28.Rxc8 Qxc8 29.Ne5 Be4
30.Qd2 f6 31.Ng4 Qc4 32.Nc3 Bb7 33.Ne3 Qb3 34.Qc1 {(=)} 34...Nc4 35.Nxc4 bxc4
36.Qe3 Kf7 37.Qc1 Bf8 38.Bc7 Be7 39.Bf4 Ke8 40.Bc7 Kd7 41.Bb6 Bd6 42.Bc5 Bc7
43.h4 g5 44.hxg5 hxg5 45.g3 Ba8 46.Ba7 {(=)} 46...Bc6 47.Bc5 a5 48.Kf1 axb4
49.axb4 Bd6 50.Ke2 Ke7 51.f4 g4 52.Kf2 Bxc5 53.bxc5 Qb8 54.Qa3 Kf7 55.Qa6 Qb2+
56.Ne2 Bd5 57.c6 Qb3 58.Qb7+ Kg6 59.f5+ Kxf5 60.Qh7+ Kg5
1/2-1/2

[Event "Landesjugendeinzelmeisterschaft M-V u18"]
[Site "Malchow 2024"]
[Date "2024.02.06"]
[Round "6.6"]
[White "WellÃŸow, Keoki"]
[Black "Willam, Max Bastian"]
[Result "0-1"]
[WhiteElo "1599"]
[BlackElo "1455"]
[Time "14:30:00"]
[WhiteTeam "HSG Stralsund"]
[BlackTeam "SSC Rostock 07"]

1.c4 e5 2.g3 c6 3.Bg2 d5 4.e3 Nf6 5.Ne2 Be6 6.d4 exd4 7.Nxd4 Nbd7 8.O-O Be7
9.Nc3 O-O 10.cxd5 Bxd5 11.Nxd5 Nxd5 12.e4 N5f6 13.Kh1 Re8 14.f3 Nb6 15.Nc2 Bc5
16.Be3 Qxd1 17.Rfxd1 Bxe3 18.Nxe3 g6 19.b3 Rad8 20.Bh3 Kg7 21.Kg2 h6 22.Kf2 Kh7
23.Ng4 Kg7 24.Ke2 h5 25.Nxf6 Kxf6 26.Rxd8 Rxd8 {(=)} 27.Rc1 Nd7 28.Rd1 Ke7
29.Bxd7 Rxd7 30.Rxd7+ Kxd7 31.Ke3 Ke6 32.Kf4 f6 33.h4 c5 34.g4 b5 35.g5 c4
36.gxf6 Kxf6 37.bxc4 bxc4 38.e5+ Ke6 39.Ke4 c3 40.Kd3 Kxe5 41.Kxc3 Kf4 42.Kb4
Kxf3 43.a4 Kg4
0-1

[Event "Landesjugendeinzelmeisterschaft M-V u18"]
[Site "Malchow 2024"]
[Date "2024.02.06"]
[Round "6.7"]
[White "Janssen, Joris Frederik"]
[Black "Schulz, Bruno Andreas"]
[Result "0-1"]
[WhiteElo "1606"]
[BlackElo "1737"]
[Time "14:30:00"]
[WhiteTeam "TuS Makkabi Rostock"]
[BlackTeam "TuS Makkabi Rostock"]

1.d4 d5 2.Nf3 Nf6 3.Bf4 c5 4.c3 Nc6 5.e3 Qb6 6.b3 Bf5 7.Bd3 e6 8.Bxf5 exf5 9.O-O
Be7 10.dxc5 Qxc5 11.Qc2 Ne4 12.a3 a5 13.Nd4 Nxd4 14.exd4 Qc8 15.f3 Nf6 16.Re1
Ra6 17.Nd2 Re6 18.Re5 O-O 19.Rxf5 Rc6 20.c4 Rd8 21.c5 b6 22.b4 bxc5 23.bxc5 Qd7
24.Re5 Bd6 25.Rf5 Be7 26.Bg3 Rdc8 27.Re1 Bf8 28.Rfe5 g6 29.Qa4 Nh5 30.Rb1 Bg7
31.Ree1 Bf6 32.Rb8 Nxg3 33.Rxc8+ Rxc8 34.Qb3 Bxd4+ 35.Re3 Qe6
0-1

[Event "Landesjugendeinzelmeisterschaft M-V u18"]
[Site "Malchow 2024"]
[Date "2024.02.06"]
[Round "6.8"]
[White "Subocz, Gabriel"]
[Black "Quade, Luca"]
[Result "1-0"]
[WhiteElo "1322"]
[BlackElo "1195"]
[Time "14:30:00"]
[WhiteTeam "SAV Torgelow-DrÃ¶geheide 90"]
[BlackTeam "TuS Makkabi Rostock"]

1.e4 c5 2.Nf3 Nc6 3.d4 cxd4 4.Nxd4 g6 5.Nc3 Bg7 6.Be3 Nf6 7.Bc4 O-O 8.Bb3 d6
9.f3 Na5 10.Qd2 Nxb3 11.axb3 d5 12.exd5 Nxd5 13.Bh6 Bxh6 14.Qxh6 Nb4 15.Ncb5 Bd7
16.O-O-O Qa5 17.Na3 e5 18.Ne2 Bf5 19.g4 Bxc2 20.Nxc2 Rac8 21.Nc3 Rxc3 22.bxc3
Na2+ 23.Kb2 Qxc3+ 24.Kxa2 Qxc2+ 25.Ka3 Qc5+ 26.Kb2 Qf2+ 27.Qd2 Qxf3 28.h3 e4
29.Rdf1 Qg3 30.Qf2 Qe5+ 31.Ka2 e3 32.Qe2 Qa5+ 33.Kb1 Rd8 34.Rd1 Rc8 35.Qxe3 Rc3
36.Qe8+ Kg7 37.Qa4
1-0

[Event "Landesjugendeinzelmeisterschaft M-V u18"]
[Site "Malchow 2024"]
[Date "2024.02.06"]
[Round "6.9"]
[White "ThormÃ¤hlen, Tjark"]
[Black "Mochtak, Maximilian"]
[Result "1-0"]
[WhiteElo "1517"]
[BlackElo "1078"]
[Time "14:30:00"]
[WhiteTeam "SG GÃ¼strow/Teterow"]
[BlackTeam "TuS Makkabi Rostock"]

1.e4 c5 2.Nc3 a6 3.a4 e6 4.f4 Nc6 5.Nf3 Qc7 6.g3 d6 7.Bg2 Nf6 8.d3 Be7 9.O-O O-O
10.h3 d5 11.e5 Nd7 12.g4 f6 13.exf6 Rxf6 14.g5 Rg6 15.Nh4 Nf8 16.Nxg6 Nxg6
17.Qh5 Bd6 18.f5 exf5 19.Bxd5+ Kh8 20.Bd2 Bd7 21.Rae1 Re8 22.Bf7 Rxe1 23.Rxe1
Bh2+ 24.Kh1 Nce7 25.Nd5 Nxd5 26.Bxg6 h6 27.gxh6 Nf6 28.hxg7+ Kxg7 29.Re7+ Kg8
30.Bh7+ Nxh7 31.Qxh7+ Kf8 32.Qf7#
1-0

[Event "Offene LJ-Einzelmeisterschaft M-V u25"]
[Site "Malchow 2024"]
[Date "2024.02.06"]
[Round "6.1"]
[White "Fromm, Robert"]
[Black "Markovych, Leonid"]
[Result "1/2-1/2"]
[WhiteElo "1488"]
[BlackElo "1428"]
[Time "14:30:00"]
[WhiteTeam "ASV GrÃ¼n-WeiÃŸ Wismar"]
[BlackTeam "TuS Makkabi Rostock"]

1.d4 Nf6 2.f4 d5 3.e3 Bf5 4.Nf3 e6 5.Be2 c5 6.c3 Nbd7 7.O-O h6 8.Bd2 Be7 9.h3
Ne4 10.Be1 O-O 11.Nbd2 Ndf6 12.Ne5 Nxd2 13.Qxd2 Ne4 14.Qd1 Qc7 15.Bd3 c4 16.Bc2
Bd6 17.Ng4 b5 18.a3 a6 19.Bd2 Ng3 20.Rf3 Bxc2 21.Qxc2 Ne4 22.Nf2 f5 23.Kh1 a5
24.g4 Qb7 25.gxf5 exf5 26.Nxe4 dxe4 27.Rff1 a4 28.Rg1 Rf6 29.Qd1 Qd5 30.Qe2 Bf8
31.Be1 Raa6 32.Bh4
1/2-1/2